000 00660nas a2200217 i 4500
001 174309
003 ES-MaACL
005 20250804012830.0
008 100330d19661997sp a| | ||pa d
022 _a0580-8650
080 _a111
245 0 0 _aAnales del Seminario de Metafísica /
_cUniversidad de Madrid, Facultad de Filosofía y Letras.
260 _aMadrid :
_bUniversidad de Madrid, Facultad de Filosofía y Letras,
_c1966-1997.
300 _a4 v. ;
_c24 cm.
310 _aAnual
362 0 _a1966-1997.
650 7 _aMetafísica
_2embne
_915012
852 _aES-MaACL
_jC-57203-06
866 0 _o1966-67, 1969-1970.
999 _c174309
_d174309